| 000 | 00716nam a22001937a 4500 | ||
|---|---|---|---|
| 999 |
_c57004 _d57004 |
||
| 003 | Ge_BSU | ||
| 005 | 20191001155916.0 | ||
| 008 | 191001s2018 ge ||||| |||| 00| 0 geo d | ||
| 020 | _a9789941805271 | ||
| 041 | _ageo | ||
| 080 | _a070(479.22) +316 | ||
| 245 |
_aმედიაწიგნიერების სასწავლო მასალები _b/ მედიის განვითარების ფონდი (MDF). |
||
| 264 |
_aთბილისი, _c [2018] |
||
| 300 |
_a80 გვ. : _bილ. ; _c29 სმ. |
||
| 653 | _aმედია | ||
| 653 | _aსოციალური კომუნიკაცია | ||
| 653 | _aინტერნეტი | ||
| 942 |
_2udc _cBK |
||